000 01086cam a22003494a 4500
001 15122424
005 20180215034048.0
007 vd |v||||
008 071220s2009 njua 001 0 eng
010 _a 2007052267
015 _aGBA807088
_2bnb
016 7 _a101462221
_2DNLM
016 7 _a014494019
_2Uk
020 _a9780131589988
020 _a0131589989
035 _a(OCoLC)ocn185042616
035 _a(OCoLC)185042616
_z(OCoLC)181421808
_z(OCoLC)190968015
_z(OCoLC)225382685
040 _aDNLM/DLC
_cDLC
_dYDX
_dNLM
_dBAKER
_dYDXCP
_dUKM
_dOCL
_dDLC
041 _aeng
042 _apcc
060 0 0 _a2008 D-647
060 1 0 _aW 15
_bF869m 2009
080 _a610.14 bon
082 0 0 _a610.14 bon
_222
100 1 _a3
101 _ashm
245 1 0 _aMedical terminology :
_cBonnie F. Fremgen, Suzanne S. Frucht.
504 _aIncludes bibliographical references and index.
906 _a7
_bcbc
_corignew
_d1
_eecip
_f20
_gy-gencatlg
942 _2ddc
_cBK
999 _c42579
_d42579